General Knowledge Quiz #230 - Statistics

General Stats
  • This quiz has been taken 396 times
  • The average score is 15 of 20
Answer Stats
Question Answer % Correct
How many Harry Potter books are there? 7
97%
Who painted the Mona Lisa? Leonardo da Vinci
96%
How many Harry Potter movies are there? 8
95%
Ping-pong is an alternative name for which sport? Table Tennis
94%
In the Catholic Church, the Bishop of Rome is a title more commonly known as what? Pope
92%
Which country has the most Olympic medals in swimming? United States of America
92%
What is the only country to have played in every single soccer World Cup? Brazil
87%
Which animal is the fastest on land? Cheetah
86%
What day is known as Star Wars Day? May 4
78%
Who was the first woman pilot to fly solo across the Atlantic? Amelia Earhart
75%
Originally, Amazon only sold what kind of product? Books
75%
What are the only mammals that lay eggs? Echidna
71%
How many bones do sharks have? 0
68%
Some of our favorite collective nouns for animals include a congregation of alligators, a business of ferrets, an ostentation of peacocks, and a gaggle of what other fowl? Geese
68%
Who is the all-time leading NBA scorer? LeBron James
65%
Which NFL quarterback has thrown the most touchdowns? Tom Brady
62%
Who was the first televised president of the US? Franklin D. Roosevelt
57%
In what country did the first Starbucks open outside of North America? Japan
51%
What is the tiny piece at the end of a shoelace called? Aglet
40%
What is the national sport of Canada? Lacrosse
31%
No matching quizzes found
Score Distribution
Percent of People with Each Score
Percentile by Number Answered
Your Score History
You have not taken this quiz